[Event "Gibraltar Masters 2019"]
[Site "Caleta ENG"]
[Date "2019.01.26"]
[Round "5"]
[White "Yuffa, Daniil"]
[Black "Yu, Yangyi"]
[Result "1/2-1/2"]
[WhiteElo "2578"]
[BlackElo "2764"]
[PlyCount "288"]
[EventDate "2019.01.22"]

1. d4 d5 2. c4 e6 3. Nf3 c6 4. g3 dxc4 5. Bg2 Bb4+ 6. Bd2 a5 7. a4 Ne7 8. O-O
O-O 9. Qc2 b6 10. Bxb4 axb4 11. Qxc4 Ba6 12. Qc2 Nd7 13. Rd1 Rc8 14. e3 c5 15.
dxc5 Qc7 16. Nbd2 Nxc5 17. Ne4 b3 18. Qb1 Nxe4 19. Qxe4 Qc2 20. Qb4 Nd5 21. Qa3
Be2 22. Re1 Bxf3 23. Bxf3 Rfd8 24. Bd1 Qe4 25. Qxb3 Nb4 26. f3 Qc4 27. Qxc4
Rxc4 28. Bb3 Rcc8 29. Rac1 Rxc1 30. Rxc1 Kf8 31. Rd1 Rd3 32. Rxd3 Nxd3 33. Kf1
Ke7 34. Bc2 Nxb2 35. Ke2 Kd6 36. Kd2 Nc4+ 37. Kd3 Kc5 38. f4 h6 39. g4 g5 40.
Bb3 Nd6 41. Ba2 Ne8 42. f5 exf5 43. Bxf7 Nd6 44. Be6 fxg4 45. e4 Nb7 46. e5 Nd8
47. Bb3 h5 48. Ke4 h4 49. Bd1 g3 50. hxg3 hxg3 51. Kf3 Kd5 52. Kxg3 Kxe5 53.
Kg4 Kf6 54. Bc2 Nc6 55. Bb1 Ne5+ 56. Kh5 Nc4 57. Kg4 Ne3+ 58. Kf3 Nd5 59. Kg4
Nc3 60. Bc2 Ne2 61. Bd3 Nd4 62. Bb1 Ne6 63. Bh7 Ke5 64. Bg8 Kf6 65. Bh7 Nf8 66.
Bc2 Ng6 67. Bb1 Nf4 68. Bc2 Ng2 69. Bb1 Ne3+ 70. Kf3 Nd5 71. Kg4 Nc7 72. Bc2
Ne6 73. Bh7 Nc5 74. Bc2 Nd7 75. Bb1 Ne5+ 76. Kh5 g4 77. Kh4 Ke6 78. Be4 Kd6 79.
Kg3 Kc5 80. Ba8 Nd3 81. Kxg4 Nb2 82. Kf3 Nxa4 83. Ke3 b5 84. Kd3 b4 85. Kc2 Kc4
86. Bf3 b3+ 87. Kb1 Kb4 88. Bh5 Ka3 89. Bg6 Nc3+ 90. Kc1 Ne2+ 91. Kd2 Nf4 92.
Bh7 Nd5 93. Bc2 b2 94. Bh7 Kb3 95. Bc2+ Kb4 96. Bb1 Nc3 97. Kc2 Na4 98. Kd2 Kb3
99. Bh7 Nb6 100. Bc2+ Kb4 101. Bh7 Nd5 102. Kc2 Ka3 103. Kd2 Ka2 104. Bg6 Nf4
105. Bh7 Ne6 106. Kc3 Ka3 107. Bb1 Nc7 108. Bh7 Nd5+ 109. Kd2 Nb6 110. Kc3 Na4+
111. Kd2 Kb3 112. Bc2+ Kb4 113. Bb1 Ka3 114. Bh7 Nc5 115. Kc3 Nb7 116. Kd2 Kb3
117. Bc2+ Kb4 118. Bh7 Nd6 119. Bg6 Nb5 120. Kc2 Ka3 121. Kd2 Kb3 122. Bc2+ Kb4
123. Bb1 Na3 124. Bh7 Kb3 125. Bg8+ Ka4 126. Bh7 Kb4 127. Bg6 Kb3 128. Bf7+ Ka4
129. Bg6 Kb4 130. Bh7 Nb5 131. Kc2 Ka3 132. Kd2 Kb3 133. Bc2+ Kb4 134. Bb1 Nd4
135. Bh7 Kb3 136. Bg8+ Ka3 137. Bh7 Ka2 138. Kc3 Ne2+ 139. Kb4 Nf4 140. Ka4 Nd5
141. Bg6 Nf6 142. Kb4 Nd5+ 143. Ka4 Nf6 144. Kb4 Nd5+ 1/2-1/2

[Event "Gibraltar Masters 2019"]
[Site "Caleta ENG"]
[Date "2019.01.26"]
[Round "5"]
[White "Karthikeyan, Murali"]
[Black "Nakamura, Hikaru"]
[Result "0-1"]
[WhiteElo "2570"]
[BlackElo "2749"]
[PlyCount "86"]
[EventDate "2019.01.22"]

1. e4 c5 2. Nf3 d6 3. d4 cxd4 4. Nxd4 Nf6 5. Nc3 a6 6. Bd3 g6 7. f3 Qb6 8. Nb3
Bg7 9. Qe2 Nc6 10. Be3 Qc7 11. g4 Be6 12. O-O-O b5 13. g5 Nh5 14. Nd5 Bxd5 15.
exd5 Na5 16. Kb1 Nxb3 17. cxb3 O-O 18. f4 e6 19. Be4 Rae8 20. Qd3 f5 21. Bf3
Nxf4 22. Bxf4 e5 23. Rde1 exf4 24. Re6 Qc5 25. h4 Qf2 26. Qe2 Qxe2 27. Bxe2 Kf7
28. Re1 Bd4 29. Bf3 Bf2 30. R1e2 Bxh4 31. Rh2 Bxg5 32. Rxh7+ Kg8 33. Rd7 Bf6
34. Rdxd6 Kg7 35. Rxa6 g5 36. Be2 g4 37. Bxb5 Rxe6 38. dxe6 Be7 39. Kc2 f3 40.
Bc6 f2 41. Bg2 f4 42. Ra4 Kh6 43. Bf1 g3 0-1

[Event "Gibraltar Masters 2019"]
[Site "Caleta ENG"]
[Date "2019.01.26"]
[Round "5"]
[White "Ramirez, Alejandro"]
[Black "Le, Quang Liem"]
[Result "0-1"]
[WhiteElo "2567"]
[BlackElo "2714"]
[PlyCount "52"]
[EventDate "2019.01.22"]

1. d4 Nf6 2. c4 g6 3. g3 Bg7 4. Bg2 O-O 5. Nf3 d6 6. O-O Nc6 7. Nc3 e5 8. dxe5
dxe5 9. Bg5 Be6 10. Qa4 Qc8 11. Rfd1 Nd7 12. Nd5 Re8 13. Qc2 h6 14. Be3 f5 15.
Nd2 Nd8 16. Nb3 c6 17. Nc3 Nf7 18. Na4 b6 19. c5 b5 20. Nc3 Qc7 21. f4 Nf6 22.
fxe5 Ng4 23. Bc1 Qxe5 24. e3 Bxb3 25. Qxb3 Qxc5 26. Rd7 Nge5 0-1

[Event "Gibraltar Masters 2019"]
[Site "Caleta ENG"]
[Date "2019.01.26"]
[Round "5"]
[White "Ivanchuk, Vassily"]
[Black "Santos Ruiz, Miguel"]
[Result "1/2-1/2"]
[WhiteElo "2713"]
[BlackElo "2543"]
[PlyCount "62"]
[EventDate "2019.01.22"]

1. e4 e5 2. Nf3 Nc6 3. Bb5 a6 4. Ba4 Nf6 5. d3 d6 6. c3 g6 7. h3 Bg7 8. Be3 O-O
9. Nbd2 Kh8 10. O-O Nd7 11. Nh2 f5 12. exf5 gxf5 13. f4 Ne7 14. fxe5 Nxe5 15.
d4 Nd5 16. Bf2 Ng6 17. Bb3 Be6 18. Qf3 c6 19. Rae1 Bg8 20. a4 Qg5 21. Nc4 Rad8
22. Bc2 Nb4 23. Bb3 Bd5 24. h4 Nxh4 25. Bxh4 Qxh4 26. Qd1 Qg3 27. Re2 Nd3 28.
Rf3 Nxb2 29. Nxb2 Bxf3 30. Nxf3 Rde8 31. Nd3 Bh6 1/2-1/2

[Event "Gibraltar Masters 2019"]
[Site "Caleta ENG"]
[Date "2019.01.26"]
[Round "5"]
[White "Koneru, Humpy"]
[Black "Sethuraman, S.P."]
[Result "1/2-1/2"]
[WhiteElo "2541"]
[BlackElo "2665"]
[PlyCount "81"]
[EventDate "2019.01.22"]

1. d4 Nf6 2. Nf3 g6 3. c4 d6 4. g3 Bg7 5. Bg2 O-O 6. O-O Nbd7 7. Qc2 e5 8. Rd1
Qe7 9. Nc3 exd4 10. Nxd4 Re8 11. Bg5 c6 12. Qd2 Qf8 13. Nc2 Nb6 14. Ne3 Ng4 15.
b3 Nxe3 16. Bxe3 Bf5 17. Rac1 Rad8 18. a4 Nc8 19. a5 a6 20. Bg5 f6 21. Be3 Be6
22. Qc2 Qf7 23. Na4 Bf5 24. Qd2 Be6 25. Nc5 Bf5 26. Na4 Bf8 27. Qc3 Be6 28. Rd2
Rd7 29. Rcd1 Red8 30. h4 Re8 31. Bf3 Bf5 32. Bd4 Bh6 33. e3 Bg7 34. Nb6 Nxb6
35. Bxb6 Bf8 36. Bd4 Be6 37. Kg2 Bg7 38. Bb6 Bf8 39. Bd4 Bg7 40. Bb6 Bf8 41.
Bd4 1/2-1/2

[Event "Gibraltar Masters 2019"]
[Site "Caleta ENG"]
[Date "2019.01.26"]
[Round "5"]
[White "Gunina, Valentina"]
[Black "Mamedov, Rauf"]
[Result "0-1"]
[WhiteElo "2501"]
[BlackElo "2703"]
[PlyCount "90"]
[EventDate "2019.01.22"]

1. e4 c5 2. Nf3 Nc6 3. Bb5 g6 4. Bxc6 dxc6 5. d3 Bg7 6. O-O Nf6 7. a4 O-O 8. h3
Nd7 9. Nc3 b6 10. Be3 e5 11. Qd2 Re8 12. Nh2 Nf8 13. a5 Be6 14. axb6 axb6 15.
Rxa8 Qxa8 16. Bh6 Bh8 17. f4 exf4 18. Qxf4 Qb8 19. Qh4 c4 20. Ne2 cxd3 21. cxd3
Qd8 22. Qf2 Qxd3 23. Ng4 f5 24. exf5 Bxf5 25. Be3 Bg7 26. Nf4 Qd6 27. Bxb6 Nd7
28. Ba7 c5 29. Qf3 Bxg4 30. hxg4 Bd4+ 31. Kh1 Rf8 32. g5 Ne5 33. Qb3+ Kh8 34.
g3 Qa6 35. Nxg6+ Nxg6 36. Rxf8+ Nxf8 37. Qf7 Qa1+ 38. Kg2 Qg1+ 39. Kh3 Qh1+ 40.
Kg4 Qe4+ 41. Qf4 Qe2+ 42. Kh3 Ne6 43. Qf5 Qh5+ 44. Kg2 Qg6 45. g4 Bxb2 0-1

[Event "Gibraltar Masters 2019"]
[Site "Caleta ENG"]
[Date "2019.01.26"]
[Round "5"]
[White "Sprenger, Jan Michael"]
[Black "Matlakov, Maxim"]
[Result "0-1"]
[WhiteElo "2498"]
[BlackElo "2700"]
[PlyCount "72"]
[EventDate "2019.01.22"]

1. e4 c5 2. Nf3 d6 3. d4 cxd4 4. Nxd4 Nf6 5. Nc3 a6 6. g3 e5 7. Nb3 Be7 8. Bg2
O-O 9. a4 Nc6 10. Nd5 Nxd5 11. exd5 Na5 12. Nd2 Qc7 13. O-O Bf5 14. Ne4 Rac8
15. Bd2 Bg6 16. b3 f5 17. Nc3 Bf6 18. Ra2 Bf7 19. Ne2 b6 20. Nc1 Nb7 21. Nd3 a5
22. c4 g5 23. g4 e4 24. Nc1 Bg6 25. gxf5 Bxf5 26. Ne2 Bg4 27. Bxe4 Rce8 28. f3
Bh3 29. Rf2 Nc5 30. Bc3 Bxc3 31. Nxc3 Qg7 32. Nb5 Nxe4 33. fxe4 Rxe4 34. Nxd6
Rxf2 35. Rxf2 Qd4 36. Qxd4 Re1+ 0-1

[Event "Tata Steel Masters 2019"]
[Site "Wijk aan Zee NED"]
[Date "2019.01.27"]
[Round "13"]
[White "Giri, Anish"]
[Black "Carlsen, Magnus"]
[Result "1/2-1/2"]
[WhiteElo "2783"]
[BlackElo "2835"]
[PlyCount "59"]
[EventDate "2019.01.12"]

1. e4 c5 2. Nf3 Nc6 3. d4 cxd4 4. Nxd4 Nf6 5. Nc3 e5 6. Ndb5 d6 7. Bg5 a6 8.
Na3 b5 9. Nd5 Be7 10. Bxf6 Bxf6 11. c3 Bg5 12. Nc2 Rb8 13. Be2 O-O 14. O-O Kh8
15. Bg4 Bb7 16. Ncb4 Nxb4 17. cxb4 g6 18. a4 bxa4 19. Rxa4 Bc6 20. Be2 Bxa4 21.
Qxa4 f5 22. exf5 Rxf5 23. Bd3 Rf8 24. Qxa6 Bd2 25. Qc4 Qc8 26. Qe4 Bxb4 27.
Nxb4 Rf4 28. Qc6 Rfxb4 29. Qxd6 Qf8 30. Qxe5+ 1/2-1/2

[Event "Tata Steel Masters 2019"]
[Site "Wijk aan Zee NED"]
[Date "2019.01.27"]
[Round "13"]
[White "Rapport, Richard"]
[Black "Van Foreest, Jorden"]
[Result "1-0"]
[WhiteElo "2731"]
[BlackElo "2612"]
[PlyCount "41"]
[EventDate "2019.01.12"]

1. d4 Nf6 2. c4 e6 3. Nf3 d5 4. Nc3 dxc4 5. Qa4+ Nbd7 6. e4 a6 7. Bxc4 Rb8 8.
Qc2 b5 9. Bd3 Bb7 10. Bf4 Rc8 11. d5 exd5 12. O-O-O d4 13. Nxd4 Nh5 14. Be3 c5
15. Nf5 g6 16. Be2 Ng7 17. Nd6+ Bxd6 18. Rxd6 Qe7 19. Rhd1 Bc6 20. Rxd7 Bxd7
21. Nd5 1-0

[Event "Tata Steel Masters 2019"]
[Site "Wijk aan Zee NED"]
[Date "2019.01.27"]
[Round "13"]
[White "Nepomniachtchi, Ian"]
[Black "Radjabov, Teimour"]
[Result "1/2-1/2"]
[WhiteElo "2763"]
[BlackElo "2757"]
[PlyCount "45"]
[EventDate "2019.01.12"]

1. e4 e5 2. Nf3 Nc6 3. Bb5 Nf6 4. O-O Nxe4 5. Re1 Nd6 6. Nxe5 Be7 7. Bf1 Nxe5
8. Rxe5 O-O 9. d4 Bf6 10. Re1 Re8 11. c3 Rxe1 12. Qxe1 Nf5 13. Bf4 d6 14. Nd2
Be6 15. Ne4 Be7 16. Qd2 c6 17. Bd3 Qd7 18. Ng5 Bxg5 19. Bxg5 h6 20. Bf4 g5 21.
Bxf5 Bxf5 22. Bg3 d5 23. Re1 1/2-1/2

[Event "Tata Steel Masters 2019"]
[Site "Wijk aan Zee NED"]
[Date "2019.01.27"]
[Round "13"]
[White "Duda, Jan-Krzysztof"]
[Black "Ding, Liren"]
[Result "1/2-1/2"]
[WhiteElo "2738"]
[BlackElo "2813"]
[PlyCount "69"]
[EventDate "2019.01.12"]

1. e4 e5 2. Nf3 Nc6 3. Nc3 Nf6 4. d4 exd4 5. Nxd4 Bb4 6. Nxc6 bxc6 7. Bd3 d5 8.
exd5 O-O 9. O-O cxd5 10. Qf3 c6 11. Bg5 Bd6 12. Rae1 Rb8 13. Nd1 h6 14. Bxf6
Qxf6 15. Qxf6 gxf6 16. b3 Kg7 17. Ne3 Re8 18. Nf5+ Bxf5 19. Bxf5 Re5 20. Bd3
Bb4 21. Re3 Rxe3 22. fxe3 Re8 23. Rf3 Bc5 24. Kf2 Re5 25. g4 h5 26. gxh5 Rxh5
27. h3 Re5 28. Ke2 a5 29. Kd2 Bb4+ 30. c3 Bc5 31. Ba6 Bb6 32. Bc8 c5 33. Rf5
Kg6 34. Rxe5 fxe5 35. Bb7 1/2-1/2

[Event "Tata Steel Masters 2019"]
[Site "Wijk aan Zee NED"]
[Date "2019.01.27"]
[Round "13"]
[White "Anand, Viswanathan"]
[Black "Vidit, Santosh Gujrathi"]
[Result "1/2-1/2"]
[WhiteElo "2773"]
[BlackElo "2695"]
[PlyCount "60"]
[EventDate "2019.01.12"]

1. e4 e5 2. Nf3 Nf6 3. Nxe5 d6 4. Nf3 Nxe4 5. d4 d5 6. Bd3 Bf5 7. O-O Be7 8.
Re1 O-O 9. Nbd2 Nd6 10. Nf1 c6 11. Bf4 Bxd3 12. Qxd3 Na6 13. Ne3 Nc7 14. Rad1
Ne6 15. Bxd6 Bxd6 16. g3 Re8 17. c4 dxc4 18. Qxc4 Qc7 19. Qa4 b5 20. Qc2 Bf8
21. Ng4 Rad8 22. Re5 h6 23. Re3 Rd6 24. Nge5 Red8 25. Rc1 Nxd4 26. Nxd4 Rxd4
27. Qb3 Rb4 28. Qc3 Rbd4 29. Qb3 Rb4 30. Qc3 Rbd4 1/2-1/2

[Event "Tata Steel Masters 2019"]
[Site "Wijk aan Zee NED"]
[Date "2019.01.27"]
[Round "13"]
[White "Mamedyarov, Shakhriyar"]
[Black "Fedoseev, Vladimir3"]
[Result "1/2-1/2"]
[WhiteElo "2817"]
[BlackElo "2724"]
[PlyCount "38"]
[EventDate "2019.01.12"]

1. e4 c5 2. Nf3 d6 3. d4 cxd4 4. Nxd4 Nf6 5. Nc3 a6 6. Be2 e6 7. f4 Be7 8. g4
d5 9. e5 Nfd7 10. g5 Qb6 11. a3 h6 12. Be3 hxg5 13. f5 Nxe5 14. Nxe6 Qxe3 15.
Nxd5 Nf3+ 16. Kf1 Nd2+ 17. Ke1 Nf3+ 18. Kf1 Nd2+ 19. Ke1 Nf3+ 1/2-1/2

[Event "Tata Steel Challengers 2019"]
[Site "Wijk aan Zee NED"]
[Date "2019.01.27"]
[Round "13"]
[White "L'Ami, Erwin"]
[Black "Paehtz, Elisabeth"]
[Result "1-0"]
[WhiteElo "2643"]
[BlackElo "2477"]
[PlyCount "63"]
[EventDate "2019.01.12"]

1. d4 e6 2. c4 Bb4+ 3. Bd2 a5 4. e3 b6 5. Qg4 Qf6 6. Nc3 Bb7 7. Nf3 h5 8. Qg3
Bd6 9. Qg5 Qxg5 10. Nxg5 f6 11. Nf3 g5 12. Nb5 Na6 13. Nxd6+ cxd6 14. Bc3 Ne7
15. d5 Kf7 16. Nd4 exd5 17. Nb5 Ke6 18. Rd1 Nf5 19. cxd5+ Bxd5 20. Rxd5 Kxd5
21. e4+ Kxe4 22. Bc4 d5 23. f3+ Kf4 24. Bxd5 g4 25. O-O Ne3 26. g3+ Kf5 27.
fxg4+ Kg6 28. Rxf6+ Kg5 29. Bxa8 Rxa8 30. Nd6 Kxg4 31. Bd2 Nd5 32. Kg2 1-0

[Event "Tata Steel Challengers 2019"]
[Site "Wijk aan Zee NED"]
[Date "2019.01.27"]
[Round "13"]
[White "Keymer, Vincent"]
[Black "Maghsoodloo, Parham"]
[Result "1/2-1/2"]
[WhiteElo "2500"]
[BlackElo "2679"]
[PlyCount "70"]
[EventDate "2019.01.12"]

1. d4 Nf6 2. c4 g6 3. g3 Bg7 4. Bg2 d5 5. cxd5 Nxd5 6. Nf3 Nb6 7. Nc3 Nc6 8. e3
O-O 9. O-O Re8 10. h3 a5 11. d5 Bxc3 12. dxc6 Qxd1 13. Rxd1 Bg7 14. Nd4 Rb8 15.
Bd2 Nc4 16. Bc3 a4 17. Rac1 Nd6 18. Bb4 b6 19. Bf1 Ra8 20. Rc2 Bxd4 21. Rxd4
Be6 22. a3 f6 23. Rcd2 Kf8 24. g4 Red8 25. f4 Ke8 26. e4 Nf7 27. Bc3 Rd6 28.
Bb5 Bb3 29. Bb4 Rxd4 30. Rxd4 Rd8 31. Rxd8+ Kxd8 32. Kf2 e5 33. Ke3 exf4+ 34.
Kxf4 Ke8 35. Ke3 Ne5 1/2-1/2

[Event "Tata Steel Challengers 2019"]
[Site "Wijk aan Zee NED"]
[Date "2019.01.27"]
[Round "13"]
[White "Bareev, Evgeny"]
[Black "Esipenko, Andrey"]
[Result "1-0"]
[WhiteElo "2650"]
[BlackElo "2584"]
[PlyCount "85"]
[EventDate "2019.01.12"]

1. d4 Nf6 2. Nf3 g6 3. g3 Bg7 4. Bg2 O-O 5. O-O d5 6. Bf4 c5 7. c3 Ne4 8. dxc5
Na6 9. Qc1 Naxc5 10. Rd1 Qb6 11. Be3 Qa6 12. Nbd2 Na4 13. Bf1 b5 14. Bd4 Bxd4
15. Nxd4 e5 16. Nxe4 dxe4 17. b3 Nc5 18. Nc2 Be6 19. h4 Qb7 20. h5 Qe7 21. Nb4
a5 22. Nd5 Bxd5 23. Rxd5 Rad8 24. Rxd8 Rxd8 25. h6 f5 26. b4 Ne6 27. bxa5 f4
28. Qe1 Qg5 29. Bh3 Nc5 30. Rd1 Re8 31. Qd2 Qxh6 32. Qd5+ Kh8 33. Qc6 Qf8 34.
Rd5 Nd3 35. Qd6 Qf7 36. Qd7 Qf8 37. Qd6 Qf7 38. g4 Nc1 39. Rxe5 Nxe2+ 40. Kh2
e3 41. Rxe8+ Qxe8 42. Qf6+ Kg8 43. g5 1-0

[Event "Tata Steel Challengers 2019"]
[Site "Wijk aan Zee NED"]
[Date "2019.01.27"]
[Round "13"]
[White "Gledura, Benjamin"]
[Black "Chigaev, Maksim"]
[Result "1-0"]
[WhiteElo "2615"]
[BlackElo "2604"]
[PlyCount "63"]
[EventDate "2019.01.12"]

1. Nf3 g6 2. e4 Bg7 3. d4 d6 4. Be2 Nf6 5. Nc3 O-O 6. O-O Nbd7 7. Be3 e5 8.
dxe5 dxe5 9. Nd2 Qe7 10. f3 b6 11. a4 a5 12. Qe1 Nc5 13. Nc4 Bb7 14. Qh4 Rfe8
15. Rfd1 Ne6 16. Nb5 Nd7 17. Qxe7 Rxe7 18. Bf2 Ndc5 19. Ne3 Nd4 20. Bc4 Rd7 21.
c3 Nxb5 22. axb5 Rxd1+ 23. Rxd1 a4 24. Nd5 Bf8 25. Nxc7 Rc8 26. Nd5 Bxd5 27.
Bxd5 Kg7 28. Kf1 Rc7 29. Ra1 f5 30. Bxc5 Rxc5 31. Rxa4 fxe4 32. Bxe4 1-0

[Event "Tata Steel Challengers 2019"]
[Site "Wijk aan Zee NED"]
[Date "2019.01.27"]
[Round "13"]
[White "Kovalev, Vladislav"]
[Black "Kuipers, Stefan"]
[Result "1-0"]
[WhiteElo "2687"]
[BlackElo "2470"]
[PlyCount "47"]
[EventDate "2019.01.12"]

1. e4 e6 2. d4 d5 3. Nd2 c5 4. Ngf3 cxd4 5. Nxd4 Nc6 6. Bb5 Bd7 7. Nxc6 bxc6 8.
Bd3 Qc7 9. Qe2 Ne7 10. O-O Ng6 11. Nf3 Bd6 12. Re1 Nf4 13. Bxf4 Bxf4 14. g3 Bd6
15. exd5 cxd5 16. Rac1 Rd8 17. c4 dxc4 18. Rxc4 Qb6 19. Ne5 Bxe5 20. Qxe5 O-O
21. a3 Rc8 22. Rd4 Bc6 23. Bxh7+ Kxh7 24. Rg4 1-0

[Event "Tata Steel Challengers 2019"]
[Site "Wijk aan Zee NED"]
[Date "2019.01.27"]
[Round "13"]
[White "Saduakassova, Dinara"]
[Black "Praggnanandhaa, R."]
[Result "1/2-1/2"]
[WhiteElo "2472"]
[BlackElo "2539"]
[PlyCount "71"]
[EventDate "2019.01.12"]

1. Nf3 Nf6 2. c4 e6 3. g3 d5 4. Bg2 d4 5. O-O c5 6. d3 Nc6 7. e3 Bd6 8. exd4
cxd4 9. Na3 a5 10. Re1 O-O 11. Nb5 e5 12. c5 Bxc5 13. Nxe5 Nxe5 14. Rxe5 Qb6
15. a4 Bg4 16. Bf3 Bd7 17. Bd2 Rfe8 18. Rxc5 Qxc5 19. Rc1 Qf5 20. Nd6 Qxd3 21.
Nxe8 Bxe8 22. Be1 Qf5 23. Bxb7 Rb8 24. Qf3 Qg5 25. Rd1 Qc5 26. b3 Bd7 27. Ba6
Re8 28. Qf4 Bc6 29. Bb5 Nd5 30. Qc1 Nc3 31. Bxc3 dxc3 32. Rd3 c2 33. Rd2 Bxb5
34. axb5 Qxb5 35. Qxc2 h5 36. Qd1 1/2-1/2

[Event "Tata Steel Challengers 2019"]
[Site "Wijk aan Zee NED"]
[Date "2019.01.27"]
[Round "13"]
[White "Van Foreest, Lucas"]
[Black "Korobov, Anton"]
[Result "1/2-1/2"]
[WhiteElo "2502"]
[BlackElo "2699"]
[PlyCount "35"]
[EventDate "2019.01.12"]

1. e4 c5 2. Nf3 Nc6 3. Bb5 e6 4. O-O Nge7 5. d4 cxd4 6. Nxd4 Qb6 7. Nxc6 bxc6
8. Be2 Ng6 9. c4 Be7 10. Nc3 c5 11. Be3 Qxb2 12. Nb5 O-O 13. f4 a6 14. Rb1 Qxa2
15. Ra1 Qb2 16. Rb1 Qa2 17. Ra1 Qb2 18. Rb1 1/2-1/2

[Event "Gibraltar Masters 2019"]
[Site "Caleta ENG"]
[Date "2019.01.27"]
[Round "6"]
[White "Artemiev, Vladislav"]
[Black "Vachier-Lagrave, Maxime"]
[Result "1/2-1/2"]
[WhiteElo "2709"]
[BlackElo "2780"]
[PlyCount "60"]
[EventDate "2019.01.22"]

1. d4 Nf6 2. Nf3 g6 3. Bg5 Bg7 4. Nbd2 O-O 5. e3 d6 6. c3 Nc6 7. Bc4 e5 8. O-O
Qe7 9. b4 h6 10. Bh4 exd4 11. exd4 Bf5 12. b5 Na5 13. Re1 Qd7 14. Bf1 a6 15.
bxa6 bxa6 16. Nb3 Nxb3 17. axb3 a5 18. Nd2 g5 19. Bg3 Rfe8 20. Rxe8+ Qxe8 21.
Qf3 Be6 22. h3 Bd5 23. Qf5 Qc6 24. Qd3 a4 25. c4 Be4 26. Nxe4 Nxe4 27. Rxa4
Rxa4 28. bxa4 Nxg3 29. Qxg3 Bxd4 30. h4 Qc5 1/2-1/2

[Event "Gibraltar Masters 2019"]
[Site "Caleta ENG"]
[Date "2019.01.27"]
[Round "6"]
[White "Short, Nigel D"]
[Black "Aronian, Levon"]
[Result "0-1"]
[WhiteElo "2648"]
[BlackElo "2767"]
[PlyCount "104"]
[EventDate "2019.01.22"]

1. e4 c5 2. Nf3 d6 3. d4 cxd4 4. Nxd4 Nf6 5. Nc3 a6 6. a3 e5 7. Nf3 h6 8. Bc4
Be6 9. Bxe6 fxe6 10. O-O Nbd7 11. Ne1 Be7 12. Nd3 O-O 13. f4 Qc7 14. Kh1 Qc4
15. Qe1 Nc5 16. Nxc5 Qxc5 17. Bd2 exf4 18. Rxf4 g5 19. Rf3 Ng4 20. Be3 Nxe3 21.
Rxe3 Bf6 22. Rd1 Be5 23. Rdd3 Rac8 24. h3 Qb6 25. b4 a5 26. Qd1 axb4 27. axb4
Rf6 28. Ne2 Rcf8 29. Rf3 Rxf3 30. gxf3 Qf2 31. f4 gxf4 32. Qg1+ Qxg1+ 33. Nxg1
Rc8 34. Nf3 Rxc2 35. b5 Rb2 36. Nxe5 dxe5 37. Rd8+ Kf7 38. Rd7+ Kf6 39. Rxb7
Rb4 40. b6 Rxe4 41. Rb8 Rb4 42. b7 Kg7 43. Re8 Rxb7 44. Rxe6 Rb1+ 45. Kg2 Re1
46. Kf3 h5 47. h4 Re3+ 48. Kf2 e4 49. Kf1 f3 50. Re5 Kf6 51. Rxh5 Ra3 52. Rh8
Kg7 0-1

[Event "Gibraltar Masters 2019"]
[Site "Caleta ENG"]
[Date "2019.01.27"]
[Round "6"]
[White "Nakamura, Hikaru"]
[Black "Iturrizaga Bonelli, Eduardo"]
[Result "1-0"]
[WhiteElo "2749"]
[BlackElo "2637"]
[PlyCount "57"]
[EventDate "2019.01.22"]

1. d4 Nf6 2. c4 e6 3. Nf3 b6 4. g3 Bb7 5. Bg2 Be7 6. O-O O-O 7. Re1 Qc8 8. Nc3
Ne4 9. Bf4 Nxc3 10. bxc3 Be4 11. Bf1 Bd6 12. Bc1 c5 13. d5 exd5 14. cxd5 Re8
15. c4 Qa6 16. Nd2 Be5 17. Nxe4 Bxa1 18. Nd6 Rf8 19. e4 Be5 20. Bf4 Bxd6 21.
Bxd6 Re8 22. e5 Qxa2 23. Re4 Na6 24. Rg4 Qb2 25. Qf3 Nb4 26. Qf6 g6 27. h4 h5
28. Rf4 Rf8 29. g4 1-0

[Event "Gibraltar Masters 2019"]
[Site "Caleta ENG"]
[Date "2019.01.27"]
[Round "6"]
[White "Le, Quang Liem"]
[Black "Khademalsharieh, Sarasadat"]
[Result "1-0"]
[WhiteElo "2714"]
[BlackElo "2468"]
[PlyCount "85"]
[EventDate "2019.01.22"]

1. e4 e5 2. Nf3 Nc6 3. Bb5 a6 4. Ba4 Nf6 5. O-O b5 6. Bb3 Bb7 7. d3 Be7 8. Re1
O-O 9. Nbd2 d6 10. a4 Na5 11. Ba2 c5 12. Nf1 Rb8 13. axb5 axb5 14. Ne3 Bc8 15.
c3 b4 16. cxb4 cxb4 17. Bd2 Bd7 18. Nd5 Nxd5 19. Bxd5 Rb5 20. h3 Be6 21. Qa4
Qb8 22. Bxe6 fxe6 23. Rec1 d5 24. Be3 Bd6 25. Ng5 d4 26. Bd2 Re8 27. Rc2 h6 28.
Nf3 Qb7 29. Rac1 Ra8 30. Rc8+ Rxc8 31. Rxc8+ Qxc8 32. Qxb5 Nc6 33. Be1 Qc7 34.
Nd2 Be7 35. Nc4 Bf8 36. h4 h5 37. Bd2 Be7 38. g3 Bd6 39. Kg2 Kf8 40. Qa6 Kf7
41. Qa8 Nb8 42. Nxd6+ Qxd6 43. Qb7+ 1-0

[Event "Gibraltar Masters 2019"]
[Site "Caleta ENG"]
[Date "2019.01.27"]
[Round "6"]
[White "Edouard, Romain"]
[Black "Adams, Michael"]
[Result "1/2-1/2"]
[WhiteElo "2643"]
[BlackElo "2701"]
[PlyCount "61"]
[EventDate "2019.01.22"]

1. d4 Nf6 2. c4 e6 3. Nf3 d5 4. Nc3 Be7 5. Bf4 O-O 6. e3 Nbd7 7. c5 Ne4 8. Rc1
Nxc3 9. Rxc3 c6 10. Bd3 b6 11. b4 a5 12. a3 axb4 13. axb4 Ba6 14. O-O Qc8 15.
cxb6 Bxd3 16. Qxd3 Qb7 17. b5 Rfc8 18. bxc6 Rxc6 19. Rxc6 Qxc6 20. Rb1 Nxb6 21.
Ne5 Qb7 22. Qb5 Qa6 23. Qxa6 Rxa6 24. h3 Bf8 25. Nd3 h6 26. g4 g5 27. Bc7 Nc4
28. Rb8 Kg7 29. Ne5 Ra7 30. Nxc4 Rxc7 31. Nd2 1/2-1/2

[Event "Gibraltar Masters 2019"]
[Site "Caleta ENG"]
[Date "2019.01.27"]
[Round "6"]
[White "Yu, Yangyi"]
[Black "Vaibhav, Suri"]
[Result "1-0"]
[WhiteElo "2764"]
[BlackElo "2590"]
[PlyCount "79"]
[EventDate "2019.01.22"]

1. d4 Nf6 2. c4 e6 3. Nc3 Bb4 4. Nf3 b6 5. Bd2 Bb7 6. e3 O-O 7. Bd3 d5 8. cxd5
exd5 9. Rc1 a6 10. O-O Nbd7 11. Ne5 Nxe5 12. dxe5 Nd7 13. f4 Nc5 14. Bb1 d4 15.
Ne2 Qd5 16. Rf2 Bxd2 17. Qxd2 d3 18. Nc3 Qd7 19. b4 Ne4 20. Nxe4 Bxe4 21. Rc4
Qf5 22. Qd1 h5 23. Rd2 Rfd8 24. Rc3 Qe6 25. a3 Rd7 26. Qxh5 Rad8 27. Ba2 Bd5
28. Bxd5 Rxd5 29. Qf3 Qd7 30. Qe4 c5 31. bxc5 bxc5 32. h3 Qb5 33. Kh2 a5 34.
Qc4 Qb1 35. Rb3 Qf1 36. Rb7 Kf8 37. Qc3 R8d7 38. Rxd7 Rxd7 39. Qxc5+ Ke8 40.
Rb2 1-0

[Event "Gibraltar Masters 2019"]
[Site "Caleta ENG"]
[Date "2019.01.27"]
[Round "6"]
[White "Santos Latasa, Jaime"]
[Black "Ivanchuk, Vassily"]
[Result "1-0"]
[WhiteElo "2581"]
[BlackElo "2713"]
[PlyCount "81"]
[EventDate "2019.01.22"]

1. d4 Nf6 2. c4 g6 3. Nc3 d5 4. Nf3 Bg7 5. Qb3 dxc4 6. Qxc4 O-O 7. e4 Na6 8.
Be2 c5 9. d5 e6 10. O-O exd5 11. exd5 Re8 12. Rd1 Bd7 13. Bf1 Qb6 14. h3 Rad8
15. Be3 Qb4 16. Qxb4 cxb4 17. Nb5 Rxe3 18. fxe3 Bh6 19. Kh2 Bxe3 20. Nbd4 Nc5
21. g3 Re8 22. Re1 Re4 23. Rad1 Bf2 24. Re2 Rxe2 25. Nxe2 Nce4 26. Ne5 Bb5 27.
Nd3 Be3 28. Nxb4 Bxe2 29. Bxe2 Bc5 30. Bf3 Bd6 31. Bxe4 Nxe4 32. Rd3 f5 33. Nc2
Kf7 34. Kg2 h5 35. Na3 Ke7 36. Rb3 Nc5 37. Re3+ Kd7 38. Nb5 Ne4 39. Nxa7 Bc5
40. Rb3 b6 41. Nb5 1-0

[Event "Gibraltar Masters 2019"]
[Site "Caleta ENG"]
[Date "2019.01.27"]
[Round "6"]
[White "Mamedov, Rauf"]
[Black "Yuffa, Daniil"]
[Result "1-0"]
[WhiteElo "2703"]
[BlackElo "2578"]
[PlyCount "121"]
[EventDate "2019.01.22"]

1. e4 c5 2. Nc3 d6 3. g3 Nc6 4. Bg2 g6 5. Nf3 Bg7 6. O-O Nf6 7. Re1 Bg4 8. h3
Bxf3 9. Bxf3 O-O 10. Bg2 Rb8 11. a4 a6 12. d3 b5 13. axb5 axb5 14. Ne2 b4 15.
c3 Qb6 16. Be3 bxc3 17. bxc3 Nd7 18. d4 Rfc8 19. Qa4 Qb3 20. Qxb3 Rxb3 21. e5
Rbb8 22. exd6 exd6 23. Ra6 cxd4 24. cxd4 d5 25. Bxd5 Nb4 26. Ra5 Nxd5 27. Rxd5
Nf6 28. Rc5 Re8 29. Kf1 Ne4 30. Rc6 Rb2 31. Rec1 Bf6 32. d5 Kg7 33. Rd1 Rd8 34.
Rd3 Rd7 35. h4 Be5 36. h5 f6 37. Rc4 Nd6 38. Ra4 Nf5 39. Bc1 Rc2 40. hxg6 hxg6
41. Bf4 Nd6 42. Bxe5 fxe5 43. Re3 Rd2 44. Rxe5 Nf7 45. Re8 R2xd5 46. Nf4 Re5
47. Rb8 Rf5 48. Rb6 Rd6 49. Rb7 Kf6 50. Ng2 Rd2 51. Nf4 g5 52. Ke1 Rd6 53. Nh5+
Kg6 54. g4 Re5+ 55. Kf1 Nd8 56. Rg7+ Kh6 57. Raa7 Ne6 58. Rgf7 Rd1+ 59. Kg2
Nf4+ 60. Nxf4 gxf4 61. Ra6+ 1-0